LIBRARY & INFORMATION CENTRE, KCAET, TAVANUR

ONLINE PUBLIC ACCESS CATALOGUE (OPAC)

Comparitive evaluation of evapotranspiration parameters of okra in polyhouse for alternate growing media (Record no. 15479)

MARC details
000 -LEADER
fixed length control field 00588nam a22001577a 4500
003 - CONTROL NUMBER IDENTIFIER
control field OSt
008 - FIXED-LENGTH DATA ELEMENTS--GENERAL INFORMATION
fixed length control field 180925b ||||| |||| 00| 0 eng d
082 ## - DEWEY DECIMAL CLASSIFICATION NUMBER
Classification number 631.587
Item number AKS/CO
100 ## - MAIN ENTRY--AUTHOR NAME
Personal name Akshaya K Pavithran
-- Haritha Krishnan
245 ## - TITLE STATEMENT
Title Comparitive evaluation of evapotranspiration parameters of okra in polyhouse for alternate growing media
260 ## - PUBLICATION, DISTRIBUTION, ETC. (IMPRINT)
Place of publication Thavanur
Name of publisher Department of irrigation and drainage engineering
Year of publication 2018
300 ## - PHYSICAL DESCRIPTION
Number of Pages xii, 64
Accompanying material CD
700 ## - ADDED ENTRY--PERSONAL NAME
Personal name Rema K.P (Guide)
856 ## - ELECTRONIC LOCATION AND ACCESS
Uniform Resource Identifier <a href="https://drive.google.com/open?id=1kfgaz47dgzjsNLBOt6qBe7tBEuTYZGt_">https://drive.google.com/open?id=1kfgaz47dgzjsNLBOt6qBe7tBEuTYZGt_</a>
942 ## - ADDED ENTRY ELEMENTS (KOHA)
Koha item type Project Report
Holdings
Withdrawn status Lost status Damaged status Home library Current library Date acquired Full call number Accession Number Koha item type
      KAUAET KAUAET 25/07/2018 631.587 AKS/CO P 405 Project Report
free website counter